Reinvencion de la universidad : prospectiva para soñadores (Registro nro. 3076)

Detalles MARC
001 - NÚMERO DE CONTROL
campo de control 4109
005 - FECHA Y HORA DE LA ÚLTIMA TRANSACCIÓN
campo de control 20260428104246.0
008 - DATOS DE LONGITUD FIJA--INFORMACIÓN GENERAL
campo de control de longitud fija 950904s1994 spa
020 ## - NÚMERO INTERNACIONAL ESTÁNDAR DEL LIBRO
Número Internacional Estándar del Libro 9581103945
035 ## - NÚMERO DE CONTROL DEL SISTEMA
Número de control de sistema 4109
035 ## - NÚMERO DE CONTROL DEL SISTEMA
Número de control de sistema (OCoLC)318169470
040 ## - FUENTE DE LA CATALOGACIÓN
Centro/agencia transcriptor comduadb
041 ## - CÓDIGO DE LENGUA
Código de lengua del texto/banda sonora o título independiente spa
082 #4 - NÚMERO DE LA CLASIFICACIÓN DECIMAL DEWEY
Número de clasificación 378
110 #0 - ENTRADA PRINCIPAL--NOMBRE DE ENTIDAD CORPORATIVA
Nombre de entidad corporativa o nombre de jurisdicción como elemento de entrada Instituto Colombiano para el Fomento de la Educación Superior
Código de función aut
Número de control del registro de autoridad o número normalizado (isni)0000 0001 2184 872X
-- (viaf)150960273
Término indicativo de función/relación Autor/a
9 (RLIN) 825226
245 10 - MENCIÓN DE TÍTULO
Título Reinvencion de la universidad : prospectiva para soñadores
260 ## - PUBLICACIÓN, DISTRIBUCIÓN, ETC.
Lugar de publicación, distribución, etc. Bogotá :
Nombre del editor, distribuidor, etc. ICFES (Instituto Colombiano para el Fomento de la Educación Superior),
Fecha de publicación, distribución, etc. 1994.
300 ## - DESCRIPCIÓN FÍSICA
Extensión 346 páginas
500 ## - NOTA GENERAL
Nota general Donacion.
650 #7 - PUNTO DE ACCESO ADICIONAL DE MATERIA--TÉRMINO DE MATERIA
Término de materia o nombre geográfico como elemento de entrada Educación superior
Fuente del encabezamiento o término lemb
9 (RLIN) 1957
650 #7 - PUNTO DE ACCESO ADICIONAL DE MATERIA--TÉRMINO DE MATERIA
Término de materia o nombre geográfico como elemento de entrada Extensión universitaria
Fuente del encabezamiento o término lemb
9 (RLIN) 10984
650 #7 - PUNTO DE ACCESO ADICIONAL DE MATERIA--TÉRMINO DE MATERIA
Término de materia o nombre geográfico como elemento de entrada Universidad
Fuente del encabezamiento o término lemb
9 (RLIN) 66866
650 ## - PUNTO DE ACCESO ADICIONAL DE MATERIA--TÉRMINO DE MATERIA
Término de materia o nombre geográfico como elemento de entrada Siglo XXI
9 (RLIN) 6945
651 #7 - PUNTO DE ACCESO ADICIONAL DE MATERIA--NOMBRE GEOGRÁFICO
Nombre geográfico Colombia
Fuente del encabezamiento o término embne
9 (RLIN) 870547
711 20 - ENTRADA AGREGADA--NOMBRE DE REUNIÓN
Nombre de congreso/reunión o jurisdicción como elemento de entrada Seminario Reinvencion de la Universidad. Prospectiva para Sonadores (1. : 1994 : Bogota ),
Código de función aut
Unidad subordinada aut
942 ## - ELEMENTOS DE ENTRADA AGREGADA (KOHA)
Tipo de ítem Koha Libros
Existencias
Estado de retiro Estado de pérdida Estado dañado No para préstamo Código de colección Localización permanente Ubicación/localización actual Fecha de adquisición Número de inventario Total de préstamos Signatura topográfica completa Código de barras Fecha visto por última vez Número de copia Precio válido a partir de Tipo de ítem Koha
        Colección Semiactiva Planta Baja Biblioteca Carlos Gaviria Díaz, Campus Medellín Biblioteca Carlos Gaviria Díaz, Campus Medellín 11/08/1997 C4921   378.155 I15 61000001728639 20/04/2023 1 20/04/2023 Libros